2024-25 EFL Championship Table - Statistics

General Stats
  • This quiz has been taken 71 times
  • The average score is 21 of 24
Answer Stats
Place Points Team % Correct
1 100 Leeds United
100%
2 100 Burnley
98%
4 76 Sunderland
98%
3 90 Sheffield United
96%
5 69 Coventry City
94%
6 68 Bristol City
93%
10 64 Middlesbrough
91%
8 66 Millwall
91%
22 49 Luton Town
87%
23 46 Plymouth Argyle
87%
12 58 Sheffield Wednesday
85%
7 66 Blackburn Rovers
83%
24 44 Cardiff City
83%
21 49 Hull City
83%
13 57 Norwich City
83%
9 64 West Bromwich Albion
83%
15 56 Queens Park Rangers
81%
19 50 Derby County
80%
20 50 Preston North End
80%
16 54 Portsmouth
78%
18 51 Stoke City
78%
17 53 Oxford United
76%
14 57 Watford
74%
11 61 Swansea City
72%
No matching quizzes found
Score Distribution
Percent of People with Each Score
Percentile by Number Answered
Your Score History
You have not taken this quiz